<?xml version="1.0" encoding="UTF-8"?>
<marc:record xmlns:marc="http://www.loc.gov/MARC21/slim">
   <marc:leader>00000nam a2200000 a 4500</marc:leader>
   <marc:datafield ind1="1" ind2=" " tag="100">
      <marc:subfield code="a">Ammerer, Karin</marc:subfield>
      <marc:subfield code="4">aut</marc:subfield>
      <marc:subfield code="e">Verfasser/-in</marc:subfield>
   </marc:datafield>
   <marc:datafield ind1="0" ind2="0" tag="245">
      <marc:subfield code="a">Das Rätsel um das schwarze Phantom</marc:subfield>
   </marc:datafield>
   <marc:datafield ind1=" " ind2="1" tag="264">
      <marc:subfield code="b">G &amp; G Kinder- u. Jugendbuch</marc:subfield>
      <marc:subfield code="c">2014</marc:subfield>
   </marc:datafield>
   <marc:datafield ind1="1" ind2=" " tag="520">
      <marc:subfield code="a">Das Rätsel um das schwarze Phantom Rätselhaftes passiert in dem kleinen Ort, in dem die Detektive ermitteln.
Es gibt immer wieder Einbrüche, doch gestohlen wird nie etwas wirklich Wertvolles. Zeugen für die Taten gibt es nicht, aber an allen Tatorten hat das schwarze Phantom seine Visitenkarte zurückgelassen .</marc:subfield>
   </marc:datafield>
   <marc:datafield ind1=" " ind2=" " tag="020">
      <marc:subfield code="a">9783707416725</marc:subfield>
      <marc:subfield code="9">9783707416725</marc:subfield>
   </marc:datafield>
</marc:record>
